Personnages récurrents d'Astérix - Statistiques

Statistiques générales
  • Ce quiz a été pris 1 618 fois
    373 depuis la dernière actualisation
  • Le résultat moyen est 14 sur 28
Statistiques - réponses
Nombre de cases Personnage Origine % Correct
7143 Astérix Villageois
100%
6306 Obélix Villageois
100%
3247 Idéfix Villageois
95%
1746 Panoramix Villageois
95%
476 Jules César Romain
94%
616 Assurancetourix Villageois
86%
1448 Abraracourcix Villageois
84%
538 Cétautomatix Villageois
78%
132 Mme Cétautomatix Villageoise
78%
468 Agecanonix Villageois
76%
582 Bonemine Villageoise
76%
251 Mme Agecanonix Villageoise
76%
524 Ordralfabétix Villageois
69%
269 Barbe-Rouge Pirate
58%
176 Jolitorax Breton
40%
155 Baba Pirate
37%
141 Pépé Ibère
36%
158 Iélosubmarine Villageoise
35%
134 Ocatarinetabellatchitchix Corse
29%
165 Triple-Patte Pirate
26%
123 Goudurix Gaulois
25%
189 Caius Bonus Romain
18%
125 Grossebaf Normand
12%
121 Césarion Égyptien/Romain
8%
146 Kiçàh Indien
5%
134 Mac Oloch Picte
4%
140 Prolix Gaulois
2%
137 Vicévertus Romain
1%
Aucun quiz correspondant
Distribution des résultats
% des personnes avec chaque résultat
Percentile par nombre de réponses
Votre historique - résultats
Vous n’avez pas pris ce quiz depuis la dernière actualisation